| 000 | 01019cam a2200313 a 4500 | ||
|---|---|---|---|
| 003 | OSt | ||
| 005 | 20140310184510.0 | ||
| 008 | 021218s2003 nyua b 000 1 eng | ||
| 010 | _a 2002155199 | ||
| 020 | _a0439449316 | ||
| 040 |
_aDLC _cDLC _dDLC |
||
| 042 | _alcac | ||
| 050 | 0 | 0 |
_aPZ 7 _b.B7633Clwe 2003 |
| 100 | 1 |
_aBridwell, Norman. _923197 |
|
| 245 | 1 | 0 |
_aClifford's class trip / _cNorman Bridwell. |
| 260 |
_aNew York : _bScholastic, _c2003. |
||
| 300 |
_a30 p. : _bcol. ill. ; _c21 cm. |
||
| 440 | 0 |
_aClifford the big red dog _929203 |
|
| 521 | _aG1 | ||
| 526 | _c170 | ||
| 650 | 1 |
_aSchool field trips _vFiction. _929204 |
|
| 650 | 1 |
_aDogs _vFiction. _929205 |
|
| 856 | 4 | 2 |
_3Publisher description _uhttp://www.loc.gov/catdir/description/schol051/2002155199.html |
| 906 |
_a7 _bcbc _corignew _d1 _eecip _f20 _gy-gencatlg |
||
| 942 |
_2lcc _cBK-SCHOLAS |
||
| 999 |
_c34900 _d34900 |
||